000 00719nab#a2200229#c#4500
999 _c122307
_d122307
003 IEF
005 20191205103807.0
008 950704s1976 uuu|| #####0 b| |u
040 _aIEF
_cES-MaIEF
100 1 _aSimón Segura, Francisco
_941340
245 _aAspectos del nivel de vida del campesinado español en la segunda mitad del siglo XIX
_bEl problema de la usura en el campo
_c Francisco Simón Segura
260 _c1976
650 4 _aHISTORIA ECONOMICA
_945401
650 4 _aESPAÑA
_941092
650 4 _aCAMPESINOS
_933505
650 4 _aNIVEL DE VIDA
_947836
650 4 _aUSURA
_948654
773 0 _tHacienda pública española
_w34570
_g38, p. 231-242
942 _2udc
942 _2udc